00818nam a22002537a 45000010005000000030006000050050017000110080041000280200018000690400029000870500014001160820011001301000029001412450074001702600039002443000049002834900024003325050008003565200092003645210029004565210020004856500026005057000033005314509FISKH20240912140016.0240912b cb ||||| |||| 00| 0 eng d a9780375824500 aFISKHbengcFISKHdFISKH aQE714.M37 a560.92 aMcMullan, Kate eauthor  aDinosaur Hunters / cby Kate McMullan : illustrated by John R. Jones  aNew York :bRandom House ;c1989.  a48 pages : bcolor illustrations ; c24 cm . a(Step into Reading) aQ  aDescribes the work scientists do to find out more about these huge prehistoric animals.8 a650 bLexile estimate 8 aQ bRaz-Plus  afossilsvnon-fiction  aJones, John R.eillustrator